Countries With Fewest Internet Users - Statistics

General Stats
  • This quiz has been taken 1,312 times
  • The average score is 13 of 20
Answer Stats
% Country % Correct
1.4 Niger
85%
2.1 Chad
83%
1.4 Somalia
81%
1.7 DR of Congo
80%
2.2 Mali
78%
3.0 Central African Republic
73%
0.8 Eritrea
70%
1.5 Ethiopia
68%
1.5 Guinea
66%
3.7 Burkina Faso
64%
1.2 Burundi
64%
3.8 Liberia
63%
3.8 Benin
62%
1.3 Sierra Leone
62%
2.9 Guinea-Bissau
61%
2.1 Madagascar
54%
2.4 Ivory Coast
52%
2.3 Papua New Guinea
40%
0.9 East Timor
33%
1.1 Burma
28%
No matching quizzes found
Score Distribution
Percent of People with Each Score
Percentile by Number Answered
Your Score History
You have not taken this quiz